=LDR 00000nam 2200000 4500 =001 INLIS000000000012996 =005 20130612104446 =008 ***********************************Ind** =035 ##$$0010-061300000012996 =041 ##$$a Ind =082 ##$$a 639.34 =090 ##$$a 639.34, Sug b =100 ##$$a Sugandy, Irwan =245 ##$$a Budidaya cupang hias, Irwan Sugandi =260 ##$$a 2001 $b Jakarta =300 ##$$a 72 hlm, 23,5 cm =650 ##$$a Cupang ( ikan ) =850 ##$$a NBPNMAT